Hacia una nueva metodología de la enseñanza de los matemáticas / Luz Alba Santoyo (Registro nro. 6316)

Detalles MARC
000 -LEADER
fixed length control field 00570nam a22001931a 4500
001 - CONTROL NUMBER
control field 6316
003 - CONTROL NUMBER IDENTIFIER
control field OSt
005 - DATE AND TIME OF LATEST TRANSACTION
control field 20260204212047.0
008 - FIXED-LENGTH DATA ELEMENTS--GENERAL INFORMATION
fixed length control field 060327s1993||||dr ||||||b||||||||||spa||
020 ## - NUMERO DE LIBRO INTERNACIONAL NORMALIZADO
International Standard Book Number 8492389397
050 ## - LIBRARY OF CONGRESS CALL NUMBER
Classification number RD 510 S59h
100 ## - ASIENTO PRINCIPAL -- NOMBRE PERSONAL
Personal name Santoyo, Luz Alba
245 ## - TÍTULO PROPIAMENTE DICHO: SUBTÍTULO
Title Hacia una nueva metodología de la enseñanza de los matemáticas / Luz Alba Santoyo
264 ## - PRODUCTION, PUBLICATION, DISTRIBUTION, MANUFACTURE, AND COPYRIGHT NOTICE
Place of production, publication, distribution, manufacture Santo Domingo : Centro Poveda
300 ## - PHYSICAL DESCRIPTION
Extensión 52 p
490 ## - MENCIÓN DE SERIE
Series statement Cuaderno de sociedad y educación
650 ## - ASIENTO SECUNDARIO DE MATERIA -- TERMINO TEMÁTICO
Termino Temático Como Elemento de Entrada 1.Matématica 2.Pedagogía - Educación 3.DidácticaÌ
942 ## - ADDED ENTRY ELEMENTS (KOHA)
Source of classification or shelving scheme Dewey Decimal Classification
Koha item type Libros
Existencias
Withdrawn status Lost status Source of classification or shelving scheme Damaged status Not for loan Current library Date acquired Full call number Barcode Date last seen Price effective from Koha item type
  Faltante/Extraviado Dewey Decimal Classification     Biblioteca UTECO 09/09/2019 RD 510 S59H 011186 09/09/2019 09/09/2019 Libros
  Faltante/Extraviado Dewey Decimal Classification     Biblioteca UTECO 09/09/2019 RD 510 S59H 011187 09/09/2019 09/09/2019 Libros
  Faltante/Extraviado Dewey Decimal Classification     Biblioteca UTECO 09/09/2019 RD 510 S59H 012728 09/09/2019 09/09/2019 Libros
© 2021 Derechos Reservados UTECO - Teléfono: +1 809-585-2291 - Correo electrónico: biblioteca@uteco.edu.do​  
Código postal 43000 ​​
Dirección: Avenida Universitaria No. 100, 
Cotuí, Provincia Sánchez Ramírez, República Dominicana - RNC: 404-00059-6